| 000 | 01138nac a22002651u 4500 | ||
|---|---|---|---|
| 010 | _a 2005037529 | ||
| 020 | _a0131732781 | ||
| 082 | 0 | 0 |
_a808.0668 _bR5411 |
| 090 |
_c2821 _d2821 |
||
| 100 | _aRoberts, Edgar V. | ||
| 245 | 1 | 0 |
_aLiterature :an introduction to reading and writing / _ban introduction to reading and writing / _cEdgar V. Roberts, Henry E. Jacobs. |
| 250 | _a8th ed. | ||
| 260 |
_aUpper Saddle River, N.J. : _bPearson Prentice Hall,2007. _c2007. |
||
| 300 |
_alxxxi, 2157, I18 p., : _bill. (some col.) ; _c24 cm. _e1 CD-ROM (digital; 4 3/4 in.) |
||
| 504 | _aIncludes bibliographical references (p. 2131-2140) and index. | ||
| 650 | 0 | _aLiterature. | |
| 650 | 0 | _aExposition (Rhetoric) | |
| 650 | 0 |
_aLiterature _vCollections. |
|
| 650 | 0 | _aCollege readers. | |
| 650 | 0 | _aReport writing. | |
| 700 | 1 | _aJacobs, Henry E. | |
| 856 | 4 | 1 |
_3Table of contents only _uhttp://www.loc.gov/catdir/toc/ecip065/2005037529.html |
| 942 |
_cBB _k808.0668R5411 |
||
| 999 |
_c2821 _d2821 |
||